| 000 | 00755nam a2200241Ia 4500 | ||
|---|---|---|---|
| 005 | 20260429111900.0 | ||
| 008 | 260429s9999||||xx |||||||||||||| ||und|| | ||
| 020 | _a9788184844061 | ||
| 041 | _aEnglish | ||
| 082 |
_a363.34 _bPAS |
||
| 100 | _aPasricha, Ashu | ||
| 245 | 0 |
_aDisaster management and strategies : _bconcept and methods, risk reduction and insurance, experiences and case studies / _cAshu Pasricha |
|
| 260 |
_aNew Delhi : _bRegal Publications, _c2014. |
||
| 300 | _axviii, 380 p.; hb | ||
| 650 | _a Case studies | ||
| 650 | _a Disaster risk reduction | ||
| 650 | _a Emergency planning | ||
| 650 | _a Insurance | ||
| 650 | _a Risk management | ||
| 650 | _aDisaster management | ||
| 700 | _a Ghalavand, Kiyanouah | ||
| 942 | _cTB | ||
| 999 |
_c51260 _d51260 |
||